| 000 | 00651nam a22001817a 4500 | ||
|---|---|---|---|
| 003 | OSt | ||
| 005 | 20250710120919.0 | ||
| 008 | 250710b |||ad||| |||| 00| 0 spa d | ||
| 020 | _a9789589266663 | ||
| 040 |
_aCO-JMCR _bspa _cCO-JMCR _dCO-JMCR _erda |
||
| 041 | 0 | _aspa | |
| 082 | 0 | 4 |
_a336.300 _bC65m3 _223 |
| 110 | 2 |
_aColombia. _bMinisterio de Hacienda y Crédito Público. _97620 |
|
| 245 | 1 | 0 |
_aMarco fiscal de mediano plazo : _bjunio 2012 / _cMinisterio de Hacienda y Crédito Público. |
| 260 |
_aBogotá : _bMinisterio de Hacienda y Crédito Público, _c2012. |
||
| 300 |
_a396 páginas : _bilustraciones, gráficos ; _c24 cm. |
||
| 942 |
_2ddc _cBK |
||
| 999 |
_c31044 _d17428 |
||